部首为讠的常见中文汉字 Common Chinese characters with the radical “Say” - Statistics

General Stats
  • This quiz has been taken 25 times
  • The average score is 96 of 145
Answer Stats
拼音首字母 笔画数 汉字 % Correct
l 6
96%
s 9
96%
a 11
91%
d 10
91%
h 8
91%
j 4
91%
j 5
91%
y 5
91%
y 9
91%
z 7
91%
c 7
87%
d 10
87%
j 6
87%
p 7
87%
r 4
87%
s 8
87%
t 5
87%
y 12
87%
f 6 访
83%
f 6
83%
ɡ 9
83%
h 7
83%
h 9
83%
q 10
83%
r 5
83%
s 7
83%
s 7
83%
s 9
83%
t 10
83%
x 5
83%
x 5
83%
x 8
83%
z 7
83%
c 8
78%
d 4
78%
e 6
78%
s 5
78%
s 6
78%
w 9
78%
x 6
78%
x 8
78%
x 12
78%
z 10
78%
c 10
74%
e 9
74%
h 6
74%
h 11
74%
j 4
74%
j 6
74%
j 8
74%
k 10
74%
n 10
74%
q 12
74%
s 6
74%
s 10
74%
w 11
74%
y 9
74%
y 11
74%
z 7
74%
z 7
74%
z 8
74%
b 12
70%
c 11
70%
f 10
70%
ɡ 8
70%
j 5
70%
j 11
70%
j 13
70%
l 10
70%
p 11
70%
s 8
70%
t 14
70%
w 9
70%
y 7
70%
e 11
65%
f 4
65%
h 5
65%
h 8
65%
m 11
65%
m 11
65%
q 8
65%
s 8
65%
x 11
65%
y 11
65%
z 7
65%
z 13
65%
c 11
61%
d 7
61%
d 11
61%
ɡ 7
61%
ɡ 8
61%
k 8
61%
m 13
61%
n 6
61%
o 6
61%
p 14
61%
q 9
61%
y 6
61%
y 7
61%
y 11
61%
z 7
61%
z 8
61%
z 10
61%
b 7
57%
c 19
57%
d 11
57%
y 8
57%
y 10
57%
z 10
57%
d 8
52%
ɡ 8
52%
h 8
52%
j 9
52%
q 14
52%
x 8
52%
y 10
52%
c 8
48%
j 6
48%
l 8
48%
m 13
48%
q 5
48%
q 7
48%
r 5
48%
s 10
48%
s 12
48%
s 12
48%
x 11
48%
z 14
48%
d 12
43%
ɡ 8
43%
k 9
43%
m 12
43%
s 10
43%
j 14
39%
l 14
39%
q 15
35%
y 15
35%
z 11
35%
j 13
30%
z 10
30%
z 15
30%
m 12
26%
x 11
26%
w 10 诿
22%
x 6
22%
No matching quizzes found
Score Distribution
Percent of People with Each Score
Percentile by Number Answered
Your Score History
You have not taken this quiz